Intellectual Capital, Knowledge Management and Organisational Learning (ICICKM 2014) : Proceedings of the 11th International Conference. Australia, Sydney, 6-7 November 2014

Uložené v:
Podrobná bibliografia
Ďalší autori: Rooney, Jim (Editor), Murthy, Vijaya (Editor)
Médium: Kniha
Jazyk:English
Vydavateľské údaje: Reading : Academic Conferences and Publishing International Limited, 2014
Vydanie:1. vyd.
Predmet:
Tagy: Pridať tag
Žiadne tagy, Buďte prvý, kto otaguje tento záznam!

MARC

LEADER 00000nam a22000003a 4500
001 stu300731
005 20150617230314.5
008 141114s2014----uk------------------eng-d
020 |a 978-1-910309-71-1 
040 |a STU  |b slo 
041 0 |a eng 
044 |a uk 
100 1 |a Rooney, Jim  |4 edt 
245 1 |a Intellectual Capital, Knowledge Management and Organisational Learning (ICICKM 2014) :  |b Proceedings of the 11th International Conference. Australia, Sydney, 6-7 November 2014 
250 |a 1. vyd. 
260 |a Reading :  |b Academic Conferences and Publishing International Limited,  |c 2014 
300 |a 574 s 
500 |a zborník bol recenzovaný 
650 7 |a pedagogika  |2 stusub 
700 1 |a Murthy, Vijaya  |4 edt 
996 |b 284M086234  |c M*Z-4250  |l MMKN  |s A  |a 24  |w stu300731_0001